| 000 | 01423nam a2200313 i 4500 | ||
|---|---|---|---|
| 005 | 20210727153129.0 | ||
| 007 | ta | ||
| 008 | 200427s2013 ck a gr 000 j spa d | ||
| 020 | _a9789583007613 | ||
| 040 |
_aCO-BoRNBP _bspa _erda _cCO-BoRNBP |
||
| 041 | 0 | _aspa | |
| 043 | _as-ck--- | ||
| 084 | _aC CUE27 | ||
| 245 | 0 | 0 |
_aCuentos de humor _cselección de Guido L. Tamayo S. ; ilustrado por Henry González |
| 250 | _aPrimera edición | ||
| 264 | 1 |
_aBogotá _bPanamericana _c2013 |
|
| 300 |
_a155 páginas _bilustraciones en blanco y negro _c21 cm |
||
| 336 |
_atexto _btxt _2rdacontent |
||
| 337 |
_asin mediación _bn _2rdamedia |
||
| 338 |
_avolumen _bnc _2rdacarrier |
||
| 505 | 1 | _aEl camaleón / Anton Chejov -- Un curioso sueño / Mark Twain -- El camaleón / Anton Chejov |-- Un curioso sueño / Mark Twain -- Tobermory / Saki -- Una tumma sin fondo / Ambrose Bierce -- No son tu marido / Úrsula -- Felisberto Hernández -- La carne / Virgilio Piñera |-- Anuncio / Juan José Arreola -- Míster Taylor / Augusto Monterroso -- Petición de mano / Salvador Garmendia --t El diccionario / Germán Espinosa | |
| 521 | _aRecomendado desde los 15 años. | ||
| 650 | 1 | 7 |
_aCuentos _vColecciones _2ARMARC |
| 650 | 1 | 7 |
_aLiteratura _vColecciones _2ARMARC |
| 650 | 1 | 7 |
_aHumor _vCuentos _2ARMARC |
| 700 | 1 |
_aTamayo Sanchez, Guido Leonardo _d1955- _ecompilador |
|
| 700 | 1 |
_aGonzález, Henry _eilustrador |
|
| 942 |
_2loc _cBKLIT |
||
| 999 |
_c2902 _d2902 |
||